• 首页
  • 本馆介绍
  • 公告通知
  • 最新文献
  • 馆藏检索
  • 电子资源
  • 读者导购
  • 参考咨询
  • 我的图书馆
  • 登录
  • 详细信息显示
  • 放入我的书架
  • 预约/预借图书
  • 作者相关作品
  • 分类相关作品
  • 丛书相关作品
  • 出版社相关作品

书目信息

  • 表格格式
  • 工作单格式
  • 卡片格式
题名:
外军集束弹药技术手册
    
 
作者: 何益艳 , 高欣宝 主编
分册:  
出版信息: 北京   国防工业出版社  2016.06
页数: XII, 251页
开本: 27cm
丛书名:
单 册:
中图分类: TJ414-62
科图分类:
主题词: 炸弹--zha dan--世界--技术手册
电子资源:
ISBN: 978-7-118-10533-9
000 01109nam0 2200277 450
001 CAL 003392256
005 20170315151442.4
010    @a978-7-118-10533-9@b精装@dCNY98.00
100    @a20170314d2016 em y0chiy50 ea
101 0  @achi
102    @aCN@b110000
105    @aa z 000yy
106    @ar
200 1  @a外军集束弹药技术手册@Awai jun ji shu dan yao ji shu shou ce@f何益艳, 高欣宝主编@g
210    @a北京@c国防工业出版社@d2016.06
215    @aXII, 251页@c图@d27cm
312    @a英文题名取自封面
330    @a本书共分为两部分: 第一部分为集束弹药基本知识, 从集束弹药的定义及内涵、分类、结构及作用原理、性能特点、发展历史等五个方面进行了介绍 ; 第二部分为外国集束弹药, 分别介绍了美国、俄罗斯、法国、德国、英国、以色列、西班牙等国的集束弹药的种类、结构性能特点以及主要技术诸元等。
510 1  @aHandbook of foreign armed forces cluster munition@zeng
606 0  @a炸弹@Azha dan@y世界@j技术手册
690    @aTJ414-62@v5
701  0 @a何益艳@Ahe yi yan@4主编
701  0 @a高欣宝@Agao xin bao@4主编
801  0 @aCN@b人天书店@c20170314@g
905    @aBZT@dTJ414-62@e1
906    @dCNY98.00@n3@r1
    
    外军集束弹药技术手册/何益艳, 高欣宝主编.-北京:国防工业出版社,2016.06
    XII, 251页:图;27cm
    
    
    ISBN 978-7-118-10533-9(精装):CNY98.00
    本书共分为两部分: 第一部分为集束弹药基本知识, 从集束弹药的定义及内涵、分类、结构及作用原理、性能特点、发展历史等五个方面进行了介绍 ; 第二部分为外国集束弹药, 分别介绍了美国、俄罗斯、法国、德国、英国、以色列、西班牙等国的集束弹药的种类、结构性能特点以及主要技术诸元等。
●
相关链接 在五车中查询图书 在当当中查询图书 在豆瓣中查询图书


正题名:外军集束弹药技术手册     索取号:TJ414-62/1         预约/预借

序号 登录号 条形码 馆藏地/架位号 状态 备注
1 850505   2000850505   第二书库/ [索取号:TJ414-62/1] 在馆    
2 850506   2000850506   第二书库/ [索取号:TJ414-62/1] 在馆    
3 850507   2000850507   第二书库/ [索取号:TJ414-62/1] 在馆    
山东省滨州职业学院图书馆 欢迎您!
大连网信软件有限公司© 版权所有